[Event "FIDE World Cup 2023"]
[Site "Baku AZE"]
[Date "2023.07.30"]
[Round "1.1"]
[White "Figueredo Losada, Leonel"]
[Black "Durarbayli, Vasif"]
[Result "1/2-1/2"]
[WhiteTitle "IM"]
[BlackTitle "GM"]
[WhiteElo "2345"]
[BlackElo "2631"]
[WhiteFideId "3507971"]
[BlackFideId "13402935"]
[EventDate "2023.07.30"]
[EventType "k.o."]

1. e4 c5 2. Nf3 d6 3. d4 cxd4 4. Nxd4 Nf6 5. Nc3 a6 6. Qd3 Bd7 7. Bg5 Nc6 8.
Nxc6 Bxc6 9. O-O-O Qa5 10. Bd2 e6 11. Kb1 Qc7 12. Bf4 Rd8 13. Qe3 Be7 14. Bd3
Nd7 15. Qg3 O-O 16. h4 Ne5 17. h5 Bf6 18. h6 g6 19. Bg5 Qe7 20. Bxf6 Qxf6 21.
Be2 d5 22. f4 d4 23. fxe5 Qe7 24. Qf4 dxc3 25. bxc3 f5 26. exf6 Qxf6 27. Qxf6
Rxd1+ 28. Rxd1 Rxf6 29. Rd8+ Rf8 30. Rd6 Bxe4 31. Rxe6 Bxg2 32. Bc4 Kh8 33. Re7
b5 34. Bb3 Bf1 35. Ra7 Bc4 36. Rxa6 g5 37. Bxc4 bxc4 38. Re6 g4 39. Re3 Rg8 40.
Rg3 Rg6 41. a4 Kg8 42. a5 Kf7 43. a6 Rxa6 1/2-1/2

[Event "FIDE World Cup 2023"]
[Site "Baku AZE"]
[Date "2023.07.30"]
[Round "1.1"]
[White "Meier, Georg"]
[Black "Roselli Mailhe, Bernardo"]
[Result "1-0"]
[WhiteTitle "GM"]
[BlackTitle "IM"]
[WhiteElo "2629"]
[BlackElo "2347"]
[WhiteFideId "4675789"]
[BlackFideId "3000028"]
[EventDate "2023.07.30"]
[EventType "k.o."]

1. Nf3 d5 2. g3 Nf6 3. Bg2 e6 4. O-O c5 5. c4 d4 6. d3 Nc6 7. e3 Bd6 8. exd4
cxd4 9. Bg5 h6 10. Bxf6 Qxf6 11. Nbd2 Qe7 12. Re1 O-O 13. a3 a5 14. Ne4 Bc7 15.
c5 e5 16. Nfd2 Be6 17. Rc1 a4 18. Nd6 Bxd6 19. cxd6 Qxd6 20. Ne4 Qe7 21. Nc5 Na5
22. Rxe5 Qf6 23. Nxe6 fxe6 24. Qe2 Nb3 25. Re1 Rac8 26. Rxe6 Nc1 27. Qf1 Qf5 28.
Bh3 Qh5 29. R6e5 1-0

[Event "FIDE World Cup 2023"]
[Site "Baku AZE"]
[Date "2023.07.30"]
[Round "1.1"]
[White "Tissir, Mohamed"]
[Black "Kuzubov, Yuriy"]
[Result "0-1"]
[WhiteTitle "IM"]
[BlackTitle "GM"]
[WhiteElo "2347"]
[BlackElo "2628"]
[WhiteFideId "9000240"]
[BlackFideId "14112906"]
[EventDate "2023.07.30"]
[EventType "k.o."]

1. e4 e5 2. Nf3 Nf6 3. Nxe5 d6 4. Nf3 Nxe4 5. d4 d5 6. Bd3 Bd6 7. O-O O-O 8. Re1
Bf5 9. c4 c6 10. Nc3 Nxc3 11. bxc3 Bxd3 12. Qxd3 dxc4 13. Qxc4 Nd7 14. Bg5 Qc7
15. Be7 Nb6 16. Qe2 Bxe7 17. Qxe7 Qxe7 18. Rxe7 Rab8 19. Rb1 Rfe8 20. Rc7 Rec8
21. Re7 Kf8 22. Re5 Nc4 23. Rh5 Kg8 24. Rc5 Nd6 25. Re5 f6 26. Re6 Kf7 27. Ree1
Re8 28. Rec1 Re2 29. a4 Nc4 30. Rb4 Na5 31. h4 Rbe8 32. d5 c5 33. Rf4 h6 34. Rd1
R2e4 35. Rxe4 Rxe4 36. Ra1 Ke7 37. h5 Kd6 38. g3 Kxd5 39. Rd1+ Ke6 40. Rd8 Rxa4
41. Rg8 Kf7 42. Rc8 Re4 43. Nh4 Re8 44. Rc7+ Re7 45. Rc8 Nc6 46. f4 Ke6 47. Ng6
Rf7 48. g4 Kd5 49. Kg2 Rd7 50. Re8 a5 51. Kf3 a4 52. Ra8 b5 53. Nh4 Ra7 54. Rc8
a3 55. Nf5 a2 56. c4+ Kxc4 57. Ne3+ Kb3 0-1

[Event "FIDE World Cup 2023"]
[Site "Baku AZE"]
[Date "2023.07.30"]
[Round "1.1"]
[White "Svane, Rasmus"]
[Black "Laohawirapap, Prin"]
[Result "1-0"]
[WhiteTitle "GM"]
[BlackTitle "FM"]
[WhiteElo "2625"]
[BlackElo "2353"]
[WhiteFideId "4657101"]
[BlackFideId "6205003"]
[EventDate "2023.07.30"]
[EventType "k.o."]

1. d4 Nf6 2. c4 g6 3. Nc3 Bg7 4. e4 d6 5. Be2 O-O 6. Be3 a5 7. Nf3 Ng4 8. Bg5 h6
9. Bh4 Nf6 10. h3 g5 11. Bg3 Nh5 12. Bh2 Nf4 13. Bxf4 gxf4 14. Rg1 e5 15. g3
exd4 16. Nxd4 fxg3 17. Rxg3 Kh8 18. Qd2 Nc6 19. Nf5 Bxf5 20. exf5 Qf6 21. O-O-O
Qd4 22. Rd3 Qh4 23. Rg1 Bxc3 24. Qxc3+ Ne5 25. Qd4 Qxd4 26. Rxd4 Rg8 27. Rxg8+
Rxg8 28. c5 Nc6 29. Rd1 Rg2 30. cxd6 cxd6 31. Rxd6 Rxf2 32. Bb5 Rxf5 33. a4 Kg7
34. Rd7 Rc5+ 35. Kd1 b6 36. Rd6 Nb4 37. Rxb6 Rc2 38. b3 Rh2 39. Bc4 Nc2 40. Kc1
Ne3 41. Bd3 Nd5 42. Rb7 Rxh3 43. Bc4 Rh5 44. Ra7 Nb4 45. Rxf7+ Kg6 46. Ra7 Rg5
47. Bb5 Rc5+ 48. Kd2 Rd5+ 49. Kc3 Rc5+ 50. Kd4 Rg5 51. Kc4 Rg4+ 52. Kc5 h5 53.
Rxa5 h4 54. Ra8 Kf6 55. a5 Nc2 56. a6 Rg5+ 57. Kb6 Nd4 58. Bc4 1-0

[Event "FIDE World Cup 2023"]
[Site "Baku AZE"]
[Date "2023.07.30"]
[Round "1.1"]
[White "Wageih, Kareim"]
[Black "Ragger, Markus"]
[Result "1/2-1/2"]
[WhiteTitle "IM"]
[BlackTitle "GM"]
[WhiteElo "2369"]
[BlackElo "2624"]
[WhiteFideId "10604561"]
[BlackFideId "1610856"]
[EventDate "2023.07.30"]
[EventType "k.o."]

1. d4 Nf6 2. c4 g6 3. g3 c6 4. Bg2 d5 5. Qa4 Bg7 6. cxd5 Nxd5 7. Nf3 Nb6 8. Qc2
Bg4 9. Nbd2 O-O 10. h3 Bxf3 11. Nxf3 Bxd4 12. h4 Bg7 13. h5 Qd5 14. hxg6 hxg6
15. Bh6 Bxh6 16. Rxh6 Kg7 17. Rh4 N8d7 18. Qc3+ f6 19. Qe3 Rh8 20. Qxe7+ Qf7 21.
Qd6 Rxh4 22. gxh4 Re8 23. b3 Qe7 24. Qxe7+ Rxe7 25. Nd4 Nc5 26. e3 Nd3+ 27. Kf1
Re5 28. Rd1 Nb4 29. Rd2 Kf7 30. Bf3 Ra5 31. a4 Rc5 32. Bg4 Ke7 33. h5 Rg5 34.
Bd1 gxh5 35. e4 Rc5 36. Nf5+ Ke6 37. f4 Rxf5 38. exf5+ Kxf5 39. Bxh5 N6d5 40.
Be8 Kxf4 41. Rh2 a5 42. Rh7 b6 43. Ke2 Ke5 44. Kd2 f5 45. Bf7 Nf6 46. Rh8 Ne4+
47. Ke2 Kd4 48. Rb8 Nd5 49. Bxd5 Nc3+ 50. Kd2 Nxd5 51. Rc8 c5 52. Rc6 f4 53. Rc8
f3 54. Rf8 Ke4 55. Re8+ Kf4 56. Rf8+ Kg3 57. Rg8+ Kf4 58. Rf8+ Kg3 59. Rg8+ Kf2
60. Rg6 Nf4 61. Rxb6 Kg3 62. Rh6 f2 63. Rh1 Kf3 64. Ra1 Ng2 65. Rh1 Nf4 66. Ra1
Ng6 67. Rh1 Ne5 68. Ra1 Nf7 69. Kd3 Ne5+ 70. Kd2 Kg2 71. Ke3 f1=Q 72. Rxf1 Kxf1
73. Ke4 Nd7 74. Kd5 Ke2 75. Kc6 Kd3 76. Kxd7 Kc3 77. Kd6 Kxb3 78. Kxc5 Kxa4 79.
Kc4 Ka3 80. Kc3 a4 81. Kc2 Kb4 82. Kb2 a3+ 83. Ka2 Ka4 84. Ka1 Kb3 85. Kb1 a2+
86. Ka1 Ka3 1/2-1/2

[Event "FIDE World Cup 2023"]
[Site "Baku AZE"]
[Date "2023.07.30"]
[Round "1.1"]
[White "Bjerre, Jonas Buhl"]
[Black "Al Qudaimi, Basheer"]
[Result "1-0"]
[WhiteTitle "GM"]
[BlackTitle "IM"]
[WhiteElo "2624"]
[BlackElo "2374"]
[WhiteFideId "1444948"]
[BlackFideId "9400346"]
[EventDate "2023.07.30"]
[EventType "k.o."]

1. e4 e5 2. Nf3 Nc6 3. Bb5 a6 4. Ba4 Nf6 5. O-O Be7 6. Re1 b5 7. Bb3 O-O 8. h3
Bb7 9. d3 d6 10. a3 Na5 11. Ba2 c5 12. Nc3 h6 13. Bd2 Nc6 14. Ne2 Bc8 15. Ng3
Be6 16. Bxe6 fxe6 17. b4 Nd7 18. c3 Nb6 19. Be3 Na4 20. Qb3 Qd7 21. Nh2 Rac8 22.
Ng4 cxb4 23. axb4 Kh8 24. Ne2 d5 25. d4 Bd6 26. Red1 exd4 27. Nxd4 h5 28. exd5
Nxd4 29. Bxd4 hxg4 30. dxe6 Qe8 31. Bxg7+ Kxg7 32. Rxd6 gxh3 33. Qd5 Rf6 34. Re1
Qg6 35. Rd7+ Kh6 36. Qd2+ Kh5 37. Re5+ Rf5 38. Rxf5+ Qxf5 39. Rd5 1-0

[Event "FIDE World Cup 2023"]
[Site "Baku AZE"]
[Date "2023.07.30"]
[Round "1.1"]
[White "Leiva, Gianmarco"]
[Black "Demchenko, Anton"]
[Result "1-0"]
[WhiteTitle "IM"]
[BlackTitle "GM"]
[WhiteElo "2374"]
[BlackElo "2623"]
[WhiteFideId "3804399"]
[BlackFideId "4160258"]
[EventDate "2023.07.30"]
[EventType "k.o."]

1. e4 c5 2. Nf3 d6 3. Bb5+ Nd7 4. a4 Nf6 5. Nc3 a6 6. Be2 g6 7. O-O Bg7 8. a5 b5
9. axb6 Bb7 10. d3 a5 11. Ra2 O-O 12. Qd2 Nxb6 13. Qf4 Nfd7 14. Qh4 e6 15. Qh3
e5 16. Bh6 Bxh6 17. Qxh6 f6 18. Rfa1 Nb8 19. Rxa5 Rxa5 20. Rxa5 Nc6 21. Ra1 Qd7
22. Nd1 d5 23. Ne3 Nd4 24. Nxd4 cxd4 25. Nxd5 Nxd5 26. exd5 Bxd5 27. c4 dxc3 28.
bxc3 Qb7 29. Bf1 Rc8 30. Qd2 Qb3 31. Rc1 Qa3 32. g3 Qc5 33. h4 Kg7 34. Qe3 Qc6
35. d4 exd4 36. Qxd4 Bf7 37. Bg2 Qe6 38. Bf3 Rc4 39. Qd2 Rc7 40. Re1 Qc4 41. Re3
Ra7 42. Rd3 Qb5 43. Kg2 Qc5 44. Rd7 Rxd7 45. Qxd7 h5 46. Qb7 Qc4 47. Qb4 Qc7 48.
Qd4 Bc4 49. Kg1 Be6 50. Be2 Bc8 51. Bf1 Be6 52. c4 Qc6 53. Qa7+ Kh6 54. Qb8 Kg7
55. Qb4 Kf7 56. c5 Qd5 57. Bg2 Qd1+ 58. Kh2 g5 59. Qe4 gxh4 60. gxh4 Qc1 61. c6
Qc5 62. Kg3 Ke7 63. Bf3 Kf7 64. Qh7+ Kf8 65. Qxh5 Qd6+ 66. Kg2 Kg7 67. Qe8 Qe5
68. Qe7+ Kg6 69. Qb4 f5 70. Qe7 f4 71. Qe8+ Kg7 72. Qe7+ Kg6 73. c7 Qf5 74. Qg5+
Qxg5+ 75. hxg5 Bc8 76. Kh2 Kxg5 77. Bg2 Kh4 78. Bf1 f3 79. Bc4 Kg4 80. Bb5 Kh4
81. Bf1 Bd7 82. Ba6 1-0

[Event "FIDE World Cup 2023"]
[Site "Baku AZE"]
[Date "2023.07.30"]
[Round "1.1"]
[White "Indjic, Aleksandar"]
[Black "Zaibi, Amir"]
[Result "1-0"]
[WhiteTitle "GM"]
[BlackTitle "GM"]
[WhiteElo "2619"]
[BlackElo "2375"]
[WhiteFideId "911925"]
[BlackFideId "5500796"]
[EventDate "2023.07.30"]
[EventType "k.o."]

1. Nf3 Nf6 2. g3 d5 3. Bg2 c6 4. O-O Bf5 5. d3 e6 6. Nbd2 h6 7. Qe1 Bh7 8. e4
Be7 9. b3 O-O 10. Bb2 a5 11. a3 Qb6 12. Rb1 Rd8 13. Kh1 Nbd7 14. Nh4 Nc5 15. e5
Nfd7 16. Qe3 Nxd3 17. Qxb6 Nxb6 18. cxd3 Bxd3 19. Rbc1 Bxf1 20. Bxf1 Nd7 21.
Nhf3 Rdc8 22. a4 Bb4 23. Bc3 Ba3 24. Ra1 Bf8 25. Kg2 Rd8 26. h4 g6 27. Nd4 Rdc8
28. f4 Be7 29. Be2 h5 30. Kf1 Nc5 31. Ke1 Kf8 32. Kd1 Ke8 33. Kc2 Bd8 34. Rh1
Na6 35. Bxa6 Rxa6 36. Kd3 Rb8 37. g4 hxg4 38. h5 gxh5 39. Rxh5 b5 40. axb5 cxb5
41. b4 axb4 42. Bxb4 Ra4 43. N2b3 Rxb4 44. Rh8+ Kd7 45. Nc5+ Kc7 46. Na6+ Kb7
47. Nxb4 Bb6 48. Rh7 Bxd4 49. Rxf7+ Kb6 50. Kxd4 Rg8 51. Rf6 g3 52. Nxd5+ Ka5
53. Ne3 g2 54. Nxg2 Rxg2 55. Rxe6 b4 56. Re8 Rf2 57. Ke4 Kb6 58. Rb8+ Kc5 59.
Kf5 Rf1 60. e6 Kd6 61. Rxb4 Re1 62. Rb7 1-0

[Event "FIDE World Cup 2023"]
[Site "Baku AZE"]
[Date "2023.07.30"]
[Round "1.1"]
[White "Lee, Jun Hyeok"]
[Black "Svane, Frederik"]
[Result "1/2-1/2"]
[WhiteTitle "IM"]
[BlackTitle "GM"]
[WhiteElo "2378"]
[BlackElo "2618"]
[WhiteFideId "13202340"]
[BlackFideId "12923044"]
[EventDate "2023.07.30"]
[EventType "k.o."]

1. e4 e5 2. Nf3 Nc6 3. Bb5 a6 4. Ba4 Nf6 5. O-O Be7 6. Re1 b5 7. Bb3 O-O 8. c3
d5 9. exd5 Nxd5 10. Nxe5 Nxe5 11. Rxe5 Bb7 12. Qf3 Bd6 13. Bxd5 c6 14. Re1 cxd5
15. d4 Qc7 16. g3 Rae8 17. Be3 b4 18. cxb4 Bxb4 19. Nc3 Bxc3 20. Rec1 Qb6 21.
bxc3 Re4 22. Rab1 Qc6 23. Qe2 Rfe8 24. c4 Bc8 25. cxd5 Qxd5 26. Qc4 Qf5 27. Rb8
Bd7 28. Rxe8+ Rxe8 29. Qxa6 h5 30. Qd6 Ra8 31. Rc5 Qb1+ 32. Rc1 Qf5 33. Rc5 Qb1+
34. Rc1 Qf5 1/2-1/2

[Event "FIDE World Cup 2023"]
[Site "Baku AZE"]
[Date "2023.07.30"]
[Round "1.1"]
[White "Kollars, Dmitrij"]
[Black "Hossain, Enamul"]
[Result "1-0"]
[WhiteTitle "GM"]
[BlackTitle "GM"]
[WhiteElo "2618"]
[BlackElo "2386"]
[WhiteFideId "12909572"]
[BlackFideId "10200649"]
[EventDate "2023.07.30"]
[EventType "k.o."]

1. e4 c5 2. Nf3 Nc6 3. Bb5 e5 4. O-O Bd6 5. d3 a6 6. Bc4 b5 7. Bb3 Nf6 8. Bg5 h6
9. Bxf6 Qxf6 10. Nc3 O-O 11. a4 Rb8 12. axb5 axb5 13. Nd5 Qd8 14. c3 Be7 15. Ne3
d6 16. Bd5 Qc7 17. h4 Bd8 18. h5 Bf6 19. Ra2 Ne7 20. Bb3 b4 21. Bc4 bxc3 22.
bxc3 Be6 23. Qa4 Bxc4 24. Qxc4 Qd7 25. Rfa1 Rfd8 26. Ra6 Kf8 27. Nh2 Bg5 28. Nd5
Nxd5 29. Qxd5 Qe6 30. Qc6 Bd2 31. R6a3 Kg8 32. c4 Bb4 33. Rb3 Qe7 34. Nf1 Qb7
35. Qxb7 Rxb7 36. Ne3 Rbb8 37. Nf5 Ra8 38. Rbb1 Kf8 39. g3 Kg8 40. Kg2 Kh7 41.
Rxa8 Rxa8 42. Nxd6 Ra7 43. Rb3 Rd7 44. Nf5 g6 45. hxg6+ fxg6 46. Ne3 g5 47. Nd5
Ra7 48. g4 Kg6 49. Kf3 h5 50. gxh5+ Kxh5 51. Rb1 g4+ 52. Kg3 Rf7 53. Nxb4 cxb4
54. Rxb4 Rf3+ 55. Kg2 Rxd3 56. Rb5 Kg5 57. Rxe5+ Kf4 58. Re8 Rc3 59. Rc8 Kxe4
60. c5 Kd5 61. c6 Ra3 62. c7 Kc6 63. Rg8 Kxc7 64. Rxg4 Kd6 65. Re4 Rc3 66. f3
Rc5 67. Kg3 Rg5+ 68. Kh4 Rg8 69. f4 Kd5 70. Re5+ Kd6 71. Re1 Rf8 72. Kg4 Rg8+
73. Kf3 Rf8 74. Re2 Kd5 75. Re3 Kd6 76. Re5 Rf6 77. Kg4 Rf8 78. Re1 Rg8+ 79. Kh5
Rf8 80. Re4 Kd5 81. Re5+ Kd6 82. Kg5 Rg8+ 83. Kf5 Rf8+ 84. Ke4 Rh8 85. Kf3 Rg8
86. Re4 Rf8 87. Kg3 Rg8+ 88. Kh4 Rf8 89. Kg5 Rg8+ 90. Kf6 Kd5 91. Re5+ Kd4 92.
Ra5 Rf8+ 93. Kg5 Rg8+ 94. Kh6 Ke4 95. f5 Rh8+ 96. Kg7 Rh1 97. f6 Rg1+ 98. Kf8
Kd4 99. f7 Rg2 100. Ke7 Re2+ 101. Kf6 1-0

[Event "FIDE World Cup 2023"]
[Site "Baku AZE"]
[Date "2023.07.30"]
[Round "1.1"]
[White "Cawdery, Daniel"]
[Black "Henriquez Villagra, Cristobal"]
[Result "0-1"]
[WhiteTitle "IM"]
[BlackTitle "GM"]
[WhiteElo "2388"]
[BlackElo "2618"]
[WhiteFideId "14300249"]
[BlackFideId "3409350"]
[EventDate "2023.07.30"]
[EventType "k.o."]

1. e4 c6 2. Nf3 d5 3. Nc3 Bg4 4. h3 Bxf3 5. Qxf3 e6 6. Be2 Bc5 7. O-O Ne7 8. Rd1
Bd4 9. exd5 cxd5 10. Bb5+ Nbc6 11. Ne2 Bf6 12. d4 a6 13. Ba4 b5 14. Bb3 Na5 15.
Ng3 O-O 16. c3 Nxb3 17. axb3 Ng6 18. Nh5 Be7 19. Nf4 Nxf4 20. Bxf4 a5 21. Qg3
Bh4 22. Qg4 Bf6 23. Qg3 Qd7 24. Be5 Bxe5 25. dxe5 Qb7 26. Rd4 a4 27. bxa4 Rxa4
28. Rad1 Rfa8 29. Qg5 h6 30. Qe3 Qc7 31. g3 Rc4 32. Qe2 Ra2 33. R1d2 Rxd4 34.
Rxd4 Qxc3 35. bxc3 Rxe2 36. Rb4 Rxe5 37. Kf1 Re4 38. Rxb5 g5 39. Rb3 Kg7 40. Ra3
Kg6 41. Ra7 h5 42. Ra3 Kf6 43. Ra7 h4 44. gxh4 Rxh4 45. Kg2 Rc4 46. Ra3 Rc7 47.
f3 Ke5 48. Kg3 Kf5 49. Rb3 Ra7 50. Rb5 Ra4 51. Rb7 f6 52. Rb3 Ra2 53. h4 gxh4+
54. Kxh4 Kf4 55. Kh5 f5 56. Kg6 Ra6 57. Rb4+ Kxf3 58. Kf6 Ke3 0-1

[Event "FIDE World Cup 2023"]
[Site "Baku AZE"]
[Date "2023.07.30"]
[Round "1.1"]
[White "Iturrizaga Bonelli, Eduardo"]
[Black "Amartuvshin, Ganzorig"]
[Result "0-1"]
[WhiteTitle "GM"]
[BlackTitle "IM"]
[WhiteElo "2617"]
[BlackElo "2407"]
[WhiteFideId "3901211"]
[BlackFideId "4902548"]
[EventDate "2023.07.30"]
[EventType "k.o."]

1. c4 Nf6 2. Nc3 e6 3. Nf3 d5 4. d4 Bb4 5. Qa4+ Nc6 6. e3 O-O 7. Bd2 Re8 8. h3
a6 9. Qc2 Bd6 10. a3 dxc4 11. Bxc4 h6 12. Ba2 e5 13. d5 Nb8 14. e4 Nh5 15. g3 b5
16. O-O-O Nd7 17. Nh4 Nc5 18. Be3 Rb8 19. Qe2 Nf6 20. f3 Bd7 21. Qf2 Qe7 22. g4
b4 23. axb4 Rxb4 24. Ng6 Nb3+ 25. Bxb3 fxg6 26. Ba2 Reb8 27. Rd2 g5 28. Rc2 Nh7
29. Kb1 a5 30. Rhc1 Nf8 31. Ka1 Ng6 32. Ne2 Ba4 33. Rxc7 Qf8 34. R7c4 Rxb2 35.
Rxa4 Nf4 36. Bxf4 exf4 37. Qe1 Rxe2 38. Qc3 Qe8 39. Rd4 Kh8 40. Qc4 Be5 41. Rd1
Bxd4+ 42. Qxd4 Rb4 0-1

[Event "FIDE World Cup 2023"]
[Site "Baku AZE"]
[Date "2023.07.30"]
[Round "1.1"]
[White "Darini, Pouria"]
[Black "Berkes, Ferenc"]
[Result "1-0"]
[WhiteTitle "GM"]
[BlackTitle "GM"]
[WhiteElo "2412"]
[BlackElo "2615"]
[WhiteFideId "12502200"]
[BlackFideId "718572"]
[EventDate "2023.07.30"]
[EventType "k.o."]

1. e4 e5 2. Nf3 Nc6 3. Bc4 Nf6 4. d3 Be7 5. O-O O-O 6. a4 a5 7. Re1 d6 8. c3 Be6
9. Nbd2 Bxc4 10. Nxc4 Re8 11. Qb3 Qd7 12. Bg5 h6 13. Bxf6 Bxf6 14. Ne3 Ne7 15.
d4 exd4 16. Nxd4 g6 17. Rad1 Bg7 18. Nb5 h5 19. Qc4 Rac8 20. Na7 Ra8 21. Nb5
Rac8 22. f4 Qe6 23. Qxe6 fxe6 24. Nc4 Rf8 25. Na7 Ra8 26. Nb5 Rac8 27. Nxa5 b6
28. Nb3 Rxf4 29. N3d4 Kf7 30. g3 Rf6 31. e5 dxe5 32. Rxe5 h4 33. Rde1 hxg3 34.
hxg3 Nf5 35. Nxe6 Bh6 36. Nexc7 Nxg3 37. Ne8 1-0

[Event "FIDE World Cup 2023"]
[Site "Baku AZE"]
[Date "2023.07.30"]
[Round "1.1"]
[White "Bartel, Mateusz"]
[Black "Hesham, Abdelrahman"]
[Result "1/2-1/2"]
[WhiteTitle "GM"]
[BlackTitle "GM"]
[WhiteElo "2614"]
[BlackElo "2414"]
[WhiteFideId "1112635"]
[BlackFideId "10600183"]
[EventDate "2023.07.30"]
[EventType "k.o."]

1. e4 e5 2. Nf3 Nc6 3. Bb5 Nf6 4. O-O Nxe4 5. Re1 Nd6 6. a4 Be7 7. Nc3 a6 8. Bf1
e4 9. Nxe4 Nxe4 10. Rxe4 d5 11. Re1 d4 12. Bd3 Be6 13. Be4 Bd5 14. d3 Qd7 15.
Bf4 Bxe4 16. Rxe4 f5 17. Ne5 Nxe5 18. Rxe5 O-O-O 19. Qf3 g5 20. Bd2 Rhf8 21. Qh5
Bd6 22. Re2 h6 23. b4 Qf7 24. Qxf7 Rxf7 25. Re6 Rh8 26. c4 dxc3 27. Bxc3 Rd8 28.
b5 h5 29. Rae1 Kd7 30. Rh6 axb5 31. axb5 Ra8 32. Rxh5 Ra3 33. Bh8 g4 34. h3 1/2-1/2

[Event "FIDE World Cup 2023"]
[Site "Baku AZE"]
[Date "2023.07.30"]
[Round "1.1"]
[White "Tran, Thanh Tu"]
[Black "Paravyan, David"]
[Result "1/2-1/2"]
[WhiteTitle "CM"]
[BlackTitle "GM"]
[WhiteElo "2420"]
[BlackElo "2612"]
[WhiteFideId "12401404"]
[BlackFideId "4194985"]
[EventDate "2023.07.30"]
[EventType "k.o."]

1. d4 Nf6 2. Nf3 g6 3. Nc3 d5 4. Bf4 Bg7 5. Nb5 Na6 6. e3 O-O 7. h3 Ne4 8. Nd2
c6 9. Nxe4 dxe4 10. Nc3 c5 11. Nxe4 cxd4 12. exd4 Qd5 13. Nc3 Qxd4 14. Qxd4 Bxd4
15. Nd5 Rd8 16. Nxe7+ Kf8 17. Nxc8 Bxb2 18. Bh6+ Bg7 19. Bxg7+ Kxg7 20. Bxa6
bxa6 21. Ne7 Re8 22. O-O-O Rxe7 23. Rhe1 Rb7 24. Rd6 Rab8 25. Re3 Rb1+ 26. Kd2
R8b6 27. Rxb6 axb6 28. Ra3 a5 29. Rb3 Ra1 30. Rxb6 Rxa2 31. Ra6 h5 32. h4 Kf8
33. Ra7 Ra1 34. g3 Ke8 35. Kc3 Rf1 36. Rxa5 Rxf2 37. Re5+ Kd7 38. Kd3 Rg2 39.
Re3 f6 40. c4 g5 41. hxg5 fxg5 42. Ke4 h4 43. gxh4 gxh4 44. Rh3 Rg4+ 45. Kf5
Rxc4 46. Kg5 Ke6 47. Rxh4 Rxh4 48. Kxh4 Ke5 1/2-1/2

[Event "FIDE World Cup 2023"]
[Site "Baku AZE"]
[Date "2023.07.30"]
[Round "1.1"]
[White "Vocaturo, Daniele"]
[Black "Mohammad Fahad, Rahman"]
[Result "1-0"]
[WhiteTitle "GM"]
[BlackTitle "IM"]
[WhiteElo "2609"]
[BlackElo "2428"]
[WhiteFideId "813192"]
[BlackFideId "10207791"]
[EventDate "2023.07.30"]
[EventType "k.o."]

1. e4 e5 2. Nf3 Nc6 3. Bb5 Nf6 4. d3 Bc5 5. Bxc6 dxc6 6. Nbd2 Be6 7. O-O Bd6 8.
a4 Qe7 9. a5 a6 10. Qe2 Nd7 11. Nc4 f6 12. b3 Nf8 13. Nh4 g6 14. Nxd6+ cxd6 15.
f4 Bd7 16. f5 g5 17. Nf3 c5 18. Nd2 Bc6 19. Nc4 h5 20. Ne3 Qf7 21. c4 Nd7 22.
Bd2 O-O 23. b4 Rac8 24. Rfb1 cxb4 25. Bxb4 Nc5 26. Ra3 Rfd8 27. Be1 Kg7 28. Nc2
h4 29. Bf2 Rd7 30. Nb4 Kg8 31. Ra2 Qf8 32. Rab2 Qd8 33. Bxc5 dxc5 34. Nd5 Bxd5
35. exd5 Qxa5 36. Rb6 Rf8 37. Qb2 1-0

[Event "FIDE World Cup 2023"]
[Site "Baku AZE"]
[Date "2023.07.30"]
[Round "1.1"]
[White "Pechac, Jergus"]
[Black "Paragua, Mark"]
[Result "1-0"]
[WhiteTitle "GM"]
[BlackTitle "GM"]
[WhiteElo "2608"]
[BlackElo "2438"]
[WhiteFideId "14926970"]
[BlackFideId "5201241"]
[EventDate "2023.07.30"]
[EventType "k.o."]

1. e4 c5 2. Nf3 d6 3. d4 cxd4 4. Nxd4 Nf6 5. Nc3 a6 6. h3 e5 7. Nf3 Be7 8. g4 h6
9. Rg1 Nc6 10. g5 hxg5 11. Nxg5 Be6 12. Nxe6 fxe6 13. Rxg7 Qa5 14. Bd2 Qc5 15.
Qf3 Nd4 16. Qd3 Nh5 17. Rg6 Rf8 18. O-O-O Rxf2 19. Be2 Nf4 20. Bxf4 Rxf4 21. Bg4
Rf6 22. Rg8+ Rf8 23. Rxf8+ Bxf8 24. Ne2 Nxe2+ 25. Qxe2 Bh6+ 26. Kb1 Ke7 27. Bxe6
Kxe6 28. Qg4+ Kf6 29. Qd7 d5 30. Rxd5 1-0

[Event "FIDE World Cup 2023"]
[Site "Baku AZE"]
[Date "2023.07.30"]
[Round "1.1"]
[White "Matamoros Franco, Carlos S."]
[Black "Brkic, Ante"]
[Result "1/2-1/2"]
[WhiteTitle "GM"]
[BlackTitle "GM"]
[WhiteElo "2441"]
[BlackElo "2608"]
[WhiteFideId "3600017"]
[BlackFideId "14506688"]
[EventDate "2023.07.30"]
[EventType "k.o."]

1. c4 Nf6 2. g3 e6 3. Bg2 d5 4. Nf3 Be7 5. O-O O-O 6. b3 d4 7. e3 c5 8. Ne5 Qc7
9. f4 Nfd7 10. Nd3 Nc6 11. Na3 a6 12. Bb2 dxe3 13. dxe3 Bf6 14. Bxf6 Nxf6 15.
Nb1 b6 16. Nc3 Bb7 17. Qe2 Rad8 18. Rad1 Rd7 19. Nf2 Rfd8 20. Rxd7 Rxd7 21. Rd1
Kf8 22. g4 Rxd1+ 23. Qxd1 h6 24. h4 Ke7 25. g5 hxg5 26. hxg5 Ne8 27. Nfe4 Nb8
28. Ng3 Bxg2 29. Kxg2 g6 30. Kf2 Nd7 31. Qh1 1/2-1/2

[Event "FIDE World Cup 2023"]
[Site "Baku AZE"]
[Date "2023.07.30"]
[Round "1.1"]
[White "Safarli, Eltaj"]
[Black "Sanchez Alvarez, Roberto Carlos"]
[Result "1-0"]
[WhiteTitle "GM"]
[BlackTitle "IM"]
[WhiteElo "2607"]
[BlackElo "2444"]
[WhiteFideId "13402129"]
[BlackFideId "3508684"]
[EventDate "2023.07.30"]
[EventType "k.o."]

1. e4 c5 2. Nc3 d6 3. Bb5+ Bd7 4. Bxd7+ Qxd7 5. d4 cxd4 6. Qxd4 Nc6 7. Qd3 g6 8.
Nf3 Bg7 9. O-O Nf6 10. Nd5 O-O 11. Bg5 Ne8 12. Rad1 e6 13. Ne3 h6 14. Bh4 f5 15.
exf5 gxf5 16. Nc4 Qf7 17. Nxd6 Nxd6 18. Qxd6 e5 19. c3 Qxa2 20. Rfe1 Rae8 21. h3
Qf7 22. Qd5 e4 23. Qxf7+ Rxf7 24. Bg3 Ree7 25. Nd2 Be5 26. Nc4 Bxg3 27. fxg3 Ne5
28. Rd8+ Rf8 29. Rxf8+ Kxf8 30. Ne3 Rf7 31. Rf1 Nd3 32. b4 f4 33. gxf4 Nxf4 34.
Ra1 b6 35. c4 Kg7 36. c5 bxc5 37. bxc5 Rc7 38. Kh2 Rxc5 39. Rxa7+ Kg6 40. Re7
Nh5 41. Rxe4 Nf6 42. Re6 h5 43. Kg3 Ra5 44. Nc4 Ra4 45. Rc6 Ra1 46. Kf2 Kg5 47.
Rc5+ Kf4 48. Nd2 Ne4+ 49. Nxe4 Ra2+ 50. Kg1 Kxe4 51. Rxh5 Kf4 52. Kh2 Rb2 53.
Ra5 Rc2 54. Ra4+ Kg5 55. h4+ Kh5 56. Kh3 Rc3+ 57. g3 Rb3 58. Ra5+ Kg6 59. h5+
Kh6 60. Kh4 Rb4+ 61. g4 Rc4 62. Ra6+ Kg7 63. h6+ Kh7 64. Kh5 Rc5+ 65. g5 Rb5 66.
Re6 Ra5 67. Re7+ Kg8 68. Kg6 Ra6+ 69. Kf5 Ra8 70. g6 Kh8 71. Re5 Rf8+ 72. Kg5
Rg8 73. Rf5 Ra8 74. h7 1-0